000 00427nam a2200169 i 4500
001 bg
100 1 _aSPIRALSKI, Ludwik
245 0 _aMiernictwo układów scalonych /
_cLudwik Spiralski.
260 _aWarszawa,
_c1974.
490 1 _aMikroelektronika
650 9 _aUkłady scalone
_xmiernictwo
830 _aMikroelektronika
040 _cBPK
041 _apol
942 _cKS
008 s pl f |000 0 pol
999 _c26322
_d26322
856 _uhttp://koha.tu.koszalin.pl/cgi-bin/koha/opac-detail.pl?biblionumber=26322
_yKatalog online BPK